000 00448nam a2200157Ia 4500
008 230312s9999||||xx |||||||||||||| ||und||
020 _a0-534-53639-x
082 _a150.72
_bRUS
100 _aRuscio John
245 0 _aClear Thinking with Psychology
260 _bWadsworth
_aAustralia
_c2002
300 _a220
546 _aEng.
650 _aPsychology
_vAuthority appeals t blind obedience, limitations of testimonials as eridence,
942 _cBK
999 _c2647
_d2647